000 00726cam a2200253 4500500
005 20260405003644.0
041 _afre
042 _adc
100 1 0 _aDurand, Jean-Marie
_eauthor
245 0 0 _aJ’y pense et puis je lis / Mars 2023
260 _c2023.
500 _a46
690 _aAlbert Ogien
690 _aÉmancipation
690 _aFrançois Cusset
690 _aJean-Marie Durand
690 _aLiens
690 _aLuttes
690 _aMinorités
690 _aPluralisme
690 _aUniversalisme
786 0 _nPhilosophie magazine | 167 | 2 | 2023-03-01 | p. 58-58 | 1951-1787
856 4 1 _uhttps://shs.cairn.info/magazine-philosophie-magazine-2023-2-page-58?lang=fr&redirect-ssocas=7080
999 _c2069661
_d2069661